Szczegóły MARC21

Prawo handlowe dla ekonomistów /

003 -Nazwa inst., której nr kontr. jest w polu 001 [,]
    • @
    • Nazwa instytucji, której n kontrolny jest w polu 001
    • NUKAT
005 -DATA I CZAS OSTATNIEJ MODYFIKACJI [,]
    • @
    • pole kontrolne
    • 20241231105554.0
020 -Międzynarod. znormalizowany nr książki - ISBN [ , ]
    • a
    • Numer ISBN
    • 8320811473 Find
040 -Instytucja sporządzająca opis [ , ]
    • a
    • Instytucja, która sporządziła opis (NP)
    • TOR U/AP
    • c
    • Instytucja, która sporządziła rekord (NP)
    • TOR U/AP
    • d
    • Instytucja, która zmodyfikowała rekord (P)
    • TOR U/AP
    • d
    • Instytucja, która zmodyfikowała rekord (P)
    • Ł U/TKs
942 -Rodzaj dokumentu [ , ]
    • c
    • Rodzaj dokumentu
    • Książka
100 -Hasło główne - nazwa osobowa [1, ]
    • a
    • Nazwa osobowa (NP)
    • Kruczalak, Kazimierz
    • d
    • Daty biograficzne (NP)
    • (1934-2002).
    • 9
    • KHW
    • 22210
245 -Strefa tytułu i oznaczenia odpowiedzialności [1,0]
    • a
    • Tytuł
    • Prawo handlowe dla ekonomistów / Find
    • c
    • Pozostałe elementy strefy tytułu i oznaczenia odpowiedzialności (NP)
    • Kazimierz Kruczalak.
250 -Strefa wydania [ , ]
    • a
    • Oznaczenie wydania (NP)
    • Stan prawny na dzień 30 czerwca 1998 r.
260 -Strefa adresu wydawniczego [ , ]
    • a
    • Miejsce wydania (P)
    • Warszawa :
    • b
    • Nazwa wydawcy (P)
    • Polskie Wydawnictwo Ekonomiczne,
    • c
    • Data wydania (P)
    • 1998.
300 -Strefa opisu fizycznego [ , ]
    • a
    • Określenie formy książki i/lub objętość (NP)
    • 348, [4] s. ;
    • c
    • Format (NP)
    • 24 cm.
336 -Typ zawartości [ , ]
    • a
    • Termin opisujący typ zawartości
    • Tekst
    • b
    • Kod określający zawartość
    • txt
    • 2
    • Źródło (terminu i kodu)
    • rdacontent
337 -Typ mediów [ , ]
    • a
    • Tryb odtwarzania
    • Bez urządzenia pośredniczącego
    • b
    • Kod typu mediów
    • n
    • 2
    • Źródło (terminu i kodu)
    • rdamedia
338 -Typ/rodzaj nośnika [ , ]
    • a
    • Hasło opisujące typ nośnika
    • Wolumin
    • b
    • Kod typu nośnika
    • nc
    • 2
    • Źródło (terminu i kodu)
    • rdacarrier
504 -Uwaga dot. bibliogr. załącznikowej [ , ]
    • a
    • Uwaga dot. bibliografii załącznikowej
    • Indeks.
080 -Uniwersalna Klasyfikacja Dziesiętna [ , ]
    • a
    • Symbol klasyfikacji
    • 347.7(075.8)
650 -Hasło przedmiotowe [ ,7]
    • a
    • Hasło przedmiotowe
    • Prawo handlowe
    • z
    • Określnik geograficzny
    • Polska
    • v
    • Określnik formalny
    • podręczniki akademickie.
    • 2
    • Źródło terminu
    • kaba
    • 9
    • KHW
    • 353043
650 -Hasło przedmiotowe [ ,7]
    • a
    • Hasło przedmiotowe
    • Umowy
    • z
    • Określnik geograficzny
    • Polska.
    • 2
    • Źródło terminu
    • kaba
    • 9
    • KHW
    • 365371
650 -Hasło przedmiotowe [ ,7]
    • a
    • Hasło przedmiotowe
    • Papiery wartościowe
    • x
    • Określnik rzeczowy
    • prawo
    • z
    • Określnik geograficzny
    • Polska.
    • 2
    • Źródło terminu
    • kaba
    • 9
    • KHW
    • 352762
980 -Symbol UKD [ , ]
    • a
    • UKD
    • 347.7(075.8)
710 -Hasło dodatkowe - nazwa ciała zbiorowego [2, ]
    • a
    • Nazwa ciała zbiorowego lub nazwa geograficzna jako pierwszy element (NP)
    • Polskie Wydawnictwo Ekonomiczne.
    • 4
    • Kod relacji
    • pbl
    • 9
    • KHW
    • 50784
920 -ISBN [ , ]
    • a
    • ISBN
    • 83-208-1147-3 Find
Lokalizacja Data inwentaryzacji Numer inwentarzowy Status udost.
BE1999-07-20E.66178-2
BE1999-07-20S.841122
BE1999-07-20S.841132
BE1999-07-20S.841142
BE1999-07-20S.841152
BE1999-07-20S.841162
BE1999-07-20S.84117-6
BE1999-07-20S.84118-3
BE2006-06-30S.92460-2